MDQL
is popping MORE tags! Check the
thread
!
Quizzes
Events
Quiz Creation
Community
Videos
Private Events
Remove Ads
Sign In
Join for FREE
Feedback
Dark Mode
Quiz Categories
Sports
Geography
Music
Movies
Television
Just For Fun
Miscellaneous
History
Literature
Language
Science
Gaming
Entertainment
Religion
Holiday
For Kids
Quiz Lab
Recent
Popular Today
Quiz Kudos Today
Editor Picks
Curator Picks
Quizzes by...
Day
Popularity
Type
Ratings
Length
Year
Community
Subscriptions
Recent Discussions
Orange Saloon
Badges
Playlists
Quests
Create
Leaderboards
Showdown
Live 5
Trivia Bingo
Activity
Puzzle Library
Sporcle Events
Private Events
Virtual Trivia
Globe League
Become a Host
Pub Owners
SporcleCon
Opinionation
Our Games
Videos
Blog
Mobile Apps
Partnerships
Remove Ads and Go Orange
Feedback
Language
Vocabulary
Begins and Ends
Definition
Spanish
French
German
Italian
Chinese
Latin
Translation
Japanese
Language
Vocabulary
Begins and Ends
Definition
Spanish
French
German
Italian
Chinese
Latin
Translation
Japanese
Random Quiz
Search Sporcle
×
Quiz Lab
Quiz Lab
Language
French
Type in answers that appear in a list
Type in answers that appear in a list
Classic
Best Score? Go Orange.
IB French B Connecteurs (short) Stats
Can you name the connectives and useful words?
By
elliol2
10m
45 Questions
37 Plays
37 Plays
37 Plays
Comments
Comments
Give Quiz Kudos
Give Quiz Kudos
-
- Ratings
hide this ad
Replay
Link that replays current quiz
Next Quiz
Link to next quiz in quiz playlist
You Got
0%
They Got
Avg Score
55%
Avg Friend Score
Upgrade to see
Score Distribution
Jump to the score distribution portion of the page
Score
0/45
Timer
10:00
0
Plays Today
Hint
Answer
% Correct
as/
like
comme
91.9%
for
pour
86.5%
nevertheless
néanmoins
83.8%
if
si
83.8%
or
ou
81.1%
then/
secondly
puis
78.4%
in fact
en fait
78.4%
on the other hand
en revanche
75.7%
so therefore
donc
73%
first of all
d'abord
73%
as a consequence
par conséquent
70.3%
finally
enfin
70.3%
yet, however
pourtant
67.6%
so/
well
alors
67.6%
where
où
64.9%
although + subj
bien que
64.9%
since
puisque
62.2%
before doing
avant de
62.2%
of course
bien sûr
59.5%
besides/
moreover
de plus
56.8%
furthermore
de plus
56.8%
given that
étant donné que
54.1%
certainly
certes
54.1%
Hint
Answer
% Correct
even if
même si
54.1%
despite
malgré
54.1%
thanks to
grâce à
54.1%
because of
à cause de
54.1%
whilst/
when
lorsque
51.4%
especially
surtout
51.4%
by the way, besides, anyway
d'ailleurs
48.6%
as soon as
dès que
48.6%
as long as
tant que
48.6%
after (that)
après que
48.6%
consequently
par conséquence
43.2%
to sum up
bref
40.5%
from now on
désormais
40.5%
in this way
ainsi que
35.1%
on the other hand
par contre
35.1%
otherwise
par ailleurs
35.1%
rather
plutôt
32.4%
in relation to/
compared to
par rapport à
29.7%
whatever
quelque soit
24.3%
with the aim of
afin de
24.3%
indeed/
even
voire
21.6%
this is why
voilà pourquoi
13.5%
Quiz Playlist
Details
Report
Send in Message
Add To Playlist
Classic:
Type in answers that appear in a list
Last Updated: Feb 17, 2020
Quiz Scoreboard
CHALLENGE
Sign Up to Join the Scoreboard
Show All
Scores
Hide
Comments
May contain spoilers
Recently Published
1-10 Letter E Words III
by El_Dandy
Language
2m
Street Fighter Characters
by Artimus82
Gaming
60s
College Basketball Coaching Resumes
by pancakes188
Sports
9m
More to Explore
Quiz From the Vault
Featured Blog Post
Where Did the Easter Bunny Come From?
hide this ad
You Might Also Like...
Tags
French Quiz
Connected
useful
Today's Top Quizzes in Language
Browse Language
hide this ad
Today's Top Quizzes in French
Browse French
Top Contributed Quizzes in Language
1
1-10 Letter F Words III
2
1-10 Letter G Words III
3
1-10 Letter H Words III
4
Celtic Nations in their Language
5
1-10 Letter I Words III
6
Alphabetize! : 'As' words
7
One Thing in Common: Italy
8
1-10 Letter J Words III
9
Order Up: Top 10 Most Native Spoken Languages
10
1-10 Letter K Words III
Explore More
Trending Topics
Kpop
Marvel
Crossword
NBA
Harry Potter
Anime
Disney
Country
Puzzle
Song
The Office
Soccer
NFL
WWE
Pokémon
hide this ad
More By:
elliol2
Quiz
Plays
Rating
Category
Featured
Created
Spanish : Conjugation of the verb 'ser' (to be)
220
Language
Apr 28, 2022
Ser (to be) and tener (to have)
163
Language
Apr 23, 2020
IB French B Connecteurs
106
Language
Mar 13, 2019
Spanish irregular past participles
81
Language
Sep 15, 2019
Los medios de comunicación
47
Language
Feb 19, 2020
Go to Creator's Profile
Score Distribution
Quiz Creator Spotlight
elliol2
Follow
Send a Message
Quizzes Created
-
Created Quiz Play Count
-
More By This Creator
Popular Quizzes Today
1
Find the US States - No Outlines Minefield
2
Find the Countries of Europe - No Outlines Minefield
3
Find the US States
4
The Countries of the World
5
Risky Map Clicking: Biggest States A-Z
6
US States
7
Popular People in 1961
8
Movies - When Are They Set?
More Language Quizzes
Missing Word Crossword: Idioms
Published
Trending Quizzes
Risky Map Clicking: Least Populous States A-Z
1-10 Letter G Words
Countries of the World: 200 Million BC
1-10 Letter F Words
Risky Map Clicking: Next State Alphabetically
Recently Updated
Largest US Cities 1790-2010
pecheneg
Rides in Walt Disney World
pecheneg
Most Oscar Losses (Acting)
pecheneg
Beyoncé Albums
pecheneg
Leaping Animals
pecheneg
Reality TV Shows (A-Z)
bhenderson79
Rickey Henderson's Hall of Fame Teammates
pecheneg
Champions League XIs: Arsenal
pecheneg
Quick Pick: Celebrities in WWE's Hall of Fame
aduchscher
A-Z Keypad Blitz II
pecheneg
Trending Topics
NBA
Harry Potter
Marvel
Disney
Kpop
Anime
Crossword
Country
Puzzle
The Office
Soccer
Pokémon
NFL
Song
WWE
Your Account Isn't Verified!
In order to create a playlist on Sporcle, you need to verify the email address you used during registration. Go to your
Sporcle Settings
to finish the process.
Report this User
Report this user for behavior that violates our
Community Guidelines
.
Details:
Send Report
Go to the Sporcle.com Mobile Site →
Comments